000 00373nam a2200145Ia 4500
008 230917s9999||||xx |||||||||||||| ||und||
040 _e125007
_aMAIN
041 _aEnglish
082 _a891.2109 M312V :M
100 _aVerma, Satyavrat
245 0 _aMandana and His Works An Appraisal
260 _aDelhi
_bEstern Book Linkers
_c2009
300 _a185p p.
942 _cBK
999 _c132845
_d132845